000 00708nam a2200289Ia 4500
005 20260324141512.0
008 008 260324s9999 xx 000 0 eng d
020 _a9780429501104
037 _aEBOOK
040 _aCRL
040 _beng
040 _cCRL
041 _2eng
041 _aeng
084 _qCRL
100 _aVictoria Rodriguez
_91206286
245 0 _aDecentralization In Mexico
245 0 _bFrom Reforma Municipal To Solidaridad To Nuevo Federalismo
260 _bTaylor and Francis
260 _c1997
365 _a
365 _b230
856 _uhttp://www.taylorfrancis.com/books/9780429501104
942 _cEBOOK
999 _c1811588
_d1811588